Les Monstres Mythiques - Statistiques

Statistiques générales
  • Ce quiz a été pris 230 fois
  • Le résultat moyen est 6 sur 10
Statistiques - réponses
Description Monstre ou Créature % Correct
Cette créature fantastique est souvent représentée en train de cracher du feu. Dragon
89%
Monstre fabuleux au corps d'un homme et à tête d'un taureau. Minotaure
89%
Femme mortelle devenue un monstre immortel,à la tête recouverte de serpents. Le monstre est tué par Persée. Méduse
88%
Femmes à la queue de poisson qui tentèrent d'envoûter Ulysse par leur chant. Sirènes
80%
Œdipe dût résoudre son énigme. Sphinx
79%
Créature fantastique malfaisante dont le corps tenait généralement pour moitié du lion et pour l'autre moitié de la chèvre,et qui avait la queue d'un serpent. Chimère
68%
Monstre possédant plusieurs têtes qui se régénèrent doublement lorsqu'elles sont tranchées. Hydre de Lerne
59%
Cette créature fait beaucoup parler d'elle sous le règne de Louis XV. (Indice : Années 1750-1760) Bête du Gévaudan
25%
Rapace qui,sur l'ordre de Zeus,rongeait chaque jour le foie de Prométhée,enchaîné. Aigle du Caucase
21%
Reptile envoyé par Héra pour protéger les Pommes d'Or du jardin des Hespérides,il est tué par Héraclès lors d'un de ses douze travaux (pour le onzième). Ladon
11%
Aucun quiz correspondant
Distribution des résultats
% des personnes avec chaque résultat
Percentile par nombre de réponses
Votre historique - résultats
Vous n’avez pas pris ce quiz